[Event "European Rapid 2016"]
[Site "Tallinn EST"]
[Date "2016.12.16"]
[Round "10.20"]
[White "Turov, Maxim"]
[Black "Pustovoitova, Daria"]
[Result "1/2-1/2"]
[WhiteTitle "GM"]
[BlackTitle "FM"]
[WhiteElo "2594"]
[BlackElo "2401"]
[WhiteFideId "4120086"]
[BlackFideId "4182146"]
[EventDate "2016.12.15"]

1. Nf3 Nf6 2. g3 g6 3. Bg2 Bg7 4. O-O O-O 5. d4 d5 6. c4 c6 7. Qb3 Qb6 8. Nc3
dxc4 9. Qxc4 Be6 10. Qa4 Nd5 11. e4 Nxc3 12. bxc3 Qa6 13. Qb4 Re8 14. Rd1 Nd7
15. Bf1 Qb6 16. Ng5 Qxb4 17. cxb4 Nf8 18. Be3 Red8 19. a3 h6 20. Nxe6 Nxe6 21.
e5 Nc7 22. Rac1 e6 23. a4 a6 24. b5 axb5 25. axb5 Nxb5 26. Bxb5 cxb5 27. Rc5 b4
28. Rb5 Rd7 29. Rc5 Bf8 30. Rb5 h5 31. Rc1 Be7 32. Kg2 Kf8 33. Rc4 Ke8 34. Bd2
Ra2 35. Bxb4 Rb2 36. Rc8+ Bd8 37. Rb8 Rxd4 38. R5xb7 Rd5 39. Bd6 Rxb7 40. Rxb7
Ra5 41. h3 Ra8 42. g4 hxg4 43. hxg4 Ra4 44. Kg3 Ra2 45. f4 Ra1 46. Kf3 Rf1+ 47.
Ke4 Rg1 48. g5 Re1+ 49. Kd4 Rf1 50. Ke3 Re1+ 51. Kd4 1/2-1/2

[Event "European Rapid 2016"]
[Site "Tallinn EST"]
[Date "2016.12.16"]
[Round "10.21"]
[White "Huzman, Alexander"]
[Black "Djuric, Stefan"]
[Result "1-0"]
[WhiteTitle "GM"]
[BlackTitle "GM"]
[WhiteElo "2557"]
[BlackElo "2429"]
[WhiteFideId "2803828"]
[BlackFideId "900133"]
[EventDate "2016.12.15"]

1. Nf3 Nf6 2. c4 g6 3. Nc3 Bg7 4. e4 d6 5. d4 O-O 6. Be2 e5 7. Be3 Qe7 8. dxe5
dxe5 9. Nd5 Qd8 10. Bc5 Nxe4 11. Be7 Qd7 12. Qc2 f5 13. Bxf8 Kxf8 14. Rd1 Qc6
15. O-O Nd7 16. b4 a5 17. a3 axb4 18. axb4 b6 19. Bd3 Nef6 20. Ng5 Bb7 21. b5
Qd6 22. Nxf6 Nxf6 23. Bxf5 Qe7 24. Be4 Nxe4 25. Nxe4 Qh4 26. Rfe1 Kg8 27. c5
bxc5 28. Nxc5 Bxg2 29. Qb3+ Kh8 30. Kxg2 Rf8 31. Qg3 Qc4 32. Ne4 Qxb5 33. h3 Bh6
34. Qd3 Qb8 35. Qd5 Bf4 36. Qc6 Qc8 37. Rd7 1-0

[Event "European Rapid 2016"]
[Site "Tallinn EST"]
[Date "2016.12.16"]
[Round "10.22"]
[White "Piorun, Kacper"]
[Black "Zakhartsov, Vladimir"]
[Result "1-0"]
[WhiteTitle "GM"]
[BlackTitle "IM"]
[WhiteElo "2657"]
[BlackElo "2453"]
[WhiteFideId "1130420"]
[BlackFideId "4145097"]
[EventDate "2016.12.15"]

1. Nf3 c5 2. g3 g6 3. Bg2 Bg7 4. e4 Nc6 5. O-O d6 6. d3 Nf6 7. Nc3 O-O 8. Nh4
Nd4 9. a4 Rb8 10. f4 a6 11. f5 b5 12. axb5 axb5 13. Ne2 Nd7 14. Nxd4 cxd4 15.
Bg5 Ne5 16. Qe2 b4 17. b3 Qc7 18. h3 Rb6 19. f6 exf6 20. Bxf6 Rc6 21. Ra2 Bh6
22. Kh2 Be6 23. Nf5 Bxf5 24. exf5 Rc5 25. fxg6 hxg6 26. h4 Rc8 27. Qe4 Qd7 28.
Bh3 Rxc2+ 29. Rf2 Rxf2+ 30. Rxf2 Qc6 31. Bxc8 Qxc8 32. Bxe5 dxe5 33. Qxe5 Be3
34. Ra2 Qc6 35. Qb8+ Kg7 36. Ra8 Kf6 37. Qd8+ Kf5 38. Qc8+ Qxc8 39. Rxc8 Kg4 40.
Kg2 Bd2 41. Rc7 f5 42. Rc6 g5 43. hxg5 Kxg5 44. Kf3 Be1 45. Rc5 Kf6 46. g4 fxg4+
47. Kxg4 Ke6 48. Kf3 Kd6 49. Rh5 Bc3 50. Ke4 Kc6 51. Rd5 1-0

[Event "European Rapid 2016"]
[Site "Tallinn EST"]
[Date "2016.12.16"]
[Round "10.23"]
[White "Ladva, Ottomar"]
[Black "Kobalia, Mikhail"]
[Result "0-1"]
[WhiteTitle "GM"]
[BlackTitle "GM"]
[WhiteElo "2510"]
[BlackElo "2628"]
[WhiteFideId "4500024"]
[BlackFideId "4119150"]
[EventDate "2016.12.15"]

1. Nf3 f5 2. g3 Nf6 3. Bg2 g6 4. d4 Bg7 5. O-O O-O 6. c4 d6 7. Nc3 Nc6 8. d5 Ne5
9. Nxe5 dxe5 10. e4 f4 11. Qb3 g5 12. c5 Kh8 13. Bd2 a6 14. Rfd1 Qe8 15. Be1 Qh5
16. d6 exd6 17. Nd5 Nxd5 18. Qxd5 f3 19. Bh1 Rf6 20. cxd6 cxd6 21. Bd2 Bg4 22.
Qxb7 Rg8 23. Qe7 Rg6 24. Rac1 Rh6 25. h4 Bf6 26. Qxd6 gxh4 27. Bxh6 Qxh6 28. Rc6
Rf8 29. Qxe5 hxg3 30. Qxg3 Rg8 31. e5 Be6 32. Qxg8+ Bxg8 33. Rxf6 Qg5+ 0-1

[Event "European Rapid 2016"]
[Site "Tallinn EST"]
[Date "2016.12.16"]
[Round "10.24"]
[White "Ruck, Robert"]
[Black "Cramling, Pia"]
[Result "1/2-1/2"]
[WhiteTitle "GM"]
[BlackTitle "GM"]
[WhiteElo "2561"]
[BlackElo "2453"]
[WhiteFideId "705713"]
[BlackFideId "1700030"]
[EventDate "2016.12.15"]

1. Nf3 c5 2. c4 Nc6 3. Nc3 e5 4. e3 f5 5. d4 e4 6. d5 exf3 7. dxc6 dxc6 8. Qxd8+
Kxd8 9. gxf3 Nf6 10. b3 Bd6 11. Bb2 Ke7 12. O-O-O Rf8 13. Bd3 Be6 14. h4 g6 15.
Kc2 Rad8 16. Ne2 b6 17. Ng3 h5 18. Ne2 Bc7 19. Rhg1 Rg8 20. Rg2 Kf7 21. Rdg1
Rde8 22. Nc1 Nd7 23. Be2 Ne5 24. Nd3 Nxd3 25. Bxd3 Bd8 26. Rh2 Bc7 27. f4 Bc8
28. Rd1 Re7 29. Bf1 Rd7 30. Rxd7+ Bxd7 31. Be5 Bd8 32. Bg2 Be7 33. Rh1 Rd8 34.
Bf1 Be6 35. Bd3 Rc8 36. Kd2 Rd8 37. Ke2 Rc8 38. f3 Rd8 39. e4 Rg8 40. Ke3 Rd8
41. Rg1 Rg8 42. Rh1 Rd8 43. Bc3 Rg8 44. Rh2 Rd8 45. Be1 Bf6 46. e5 Be7 47. Rd2
a5 48. Be2 Rxd2 49. Kxd2 Ke8 50. Kc3 Kd7 51. Kb2 Kc7 52. Ka3 Kb7 53. Kb2 Kc7 54.
a4 Kd7 55. Kc2 1/2-1/2

[Event "European Rapid 2016"]
[Site "Tallinn EST"]
[Date "2016.12.16"]
[Round "10.25"]
[White "Putka, Verners"]
[Black "Agrest, Evgenij"]
[Result "0-1"]
[BlackTitle "GM"]
[WhiteElo "2307"]
[BlackElo "2593"]
[WhiteFideId "11600659"]
[BlackFideId "1705024"]
[EventDate "2016.12.15"]

1. d4 d5 2. Nf3 Nf6 3. g3 Bg4 4. Bg2 e6 5. O-O Nbd7 6. c4 c6 7. Nbd2 Be7 8. Qb3
Qc7 9. Re1 O-O 10. e4 dxe4 11. Nxe4 Nxe4 12. Rxe4 Nf6 13. Re1 Rad8 14. Bf4 Bd6
15. Ne5 Qb8 16. h3 Bh5 17. g4 Bg6 18. Rad1 Bc7 19. Qg3 Ne8 20. d5 exd5 21. cxd5
cxd5 22. Bxd5 Bc2 23. Rd2 Ba4 24. Re4 Nf6 25. Bxf7+ Rxf7 26. Rxd8+ Qxd8 27. Rxa4
Qd1+ 28. Kg2 Qxa4 0-1

[Event "European Rapid 2016"]
[Site "Tallinn EST"]
[Date "2016.12.16"]
[Round "10.26"]
[White "Meskovs, Nikita"]
[Black "Kukk, Sander"]
[Result "1-0"]
[WhiteTitle "IM"]
[WhiteElo "2489"]
[BlackElo "2178"]
[WhiteFideId "11602740"]
[BlackFideId "4502094"]
[EventDate "2016.12.15"]

1. d4 g6 2. c4 Bg7 3. Nc3 Nf6 4. e4 O-O 5. Nf3 d6 6. h3 Nc6 7. Be3 e5 8. d5 Nb4
9. a3 Na6 10. b4 c5 11. dxc6 bxc6 12. Qd2 Qe7 13. Rd1 Rd8 14. Be2 Bb7 15. Qa2
Nc7 16. O-O d5 17. Bc5 Qe8 18. cxd5 cxd5 19. exd5 Ncxd5 20. Nxd5 Nxd5 21. Qb3
Nf4 22. Bc4 Qc6 23. Bxf7+ Kh8 24. Rxd8+ Rxd8 25. Rd1 Ne2+ 26. Kh1 Nd4 27. Qc4
Qf6 28. Nxd4 Qxf2 29. Qf1 Bxg2+ 30. Qxg2 Qxf7 31. Rf1 1-0

[Event "European Rapid 2016"]
[Site "Tallinn EST"]
[Date "2016.12.16"]
[Round "10.27"]
[White "Plat, Vojtech"]
[Black "Nestor, Kaarel"]
[Result "1-0"]
[WhiteTitle "IM"]
[WhiteElo "2532"]
[BlackElo "2114"]
[WhiteFideId "325740"]
[BlackFideId "4502345"]
[EventDate "2016.12.15"]

1. d4 Nf6 2. c4 e5 3. dxe5 Ng4 4. Nf3 Bc5 5. e3 Nc6 6. Nc3 O-O 7. Be2 Re8 8. O-O
a5 9. Qd5 Bf8 10. e4 Ngxe5 11. Nxe5 Rxe5 12. Qd3 Bc5 13. Bf4 Re6 14. Kh1 d6 15.
Bg3 Nd4 16. Bd1 Rh6 17. f4 f5 18. Bf2 Ne6 19. exf5 Nxf4 20. Qg3 Nh5 21. Bxh5
Rxh5 22. Bxc5 dxc5 23. f6 g6 24. f7+ Kf8 25. Rad1 Bd7 26. Ne4 Ra6 27. Qc3 Rxh2+
28. Kxh2 Qh4+ 29. Kg1 Bf5 30. Qh8+ Kxf7 31. Rd7+ 1-0

[Event "European Rapid 2016"]
[Site "Tallinn EST"]
[Date "2016.12.16"]
[Round "10.28"]
[White "Sarana, Alexey"]
[Black "Stocek, Jiri"]
[Result "0-1"]
[WhiteTitle "IM"]
[BlackTitle "GM"]
[WhiteElo "2457"]
[BlackElo "2546"]
[WhiteFideId "24133795"]
[BlackFideId "304760"]
[EventDate "2016.12.15"]

1. d4 g6 2. e4 Bg7 3. c4 d6 4. Nc3 Nf6 5. Nf3 O-O 6. g3 c5 7. Bg2 Nc6 8. d5 Na5
9. Nd2 a6 10. Rb1 b5 11. b3 Ng4 12. Qc2 f5 13. O-O Rb8 14. cxb5 axb5 15. b4 cxb4
16. Rxb4 Qc7 17. Bb2 Bd7 18. Qd3 Ne5 19. Qe2 Qc5 20. a3 Nec4 21. Nxc4 Nxc4 22.
exf5 Nxb2 23. Ne4 Qa7 24. f6 exf6 25. Qxb2 f5 26. Nc3 Rbc8 27. Rc1 f4 28. gxf4
Qc5 29. Rb3 Rxf4 30. Bf1 Rxf2 31. Qxf2 Bd4 32. Qxd4 Qxd4+ 33. Kh1 Qd2 34. Rd1
Qc2 0-1

[Event "European Rapid 2016"]
[Site "Tallinn EST"]
[Date "2016.12.16"]
[Round "10.30"]
[White "Neiksans, Arturs"]
[Black "Shkapenko, Pavel"]
[Result "1/2-1/2"]
[WhiteTitle "GM"]
[BlackTitle "IM"]
[WhiteElo "2631"]
[BlackElo "2425"]
[WhiteFideId "11601388"]
[BlackFideId "4151933"]
[EventDate "2016.12.15"]

1. d4 Nf6 2. c4 e6 3. Nf3 Bb4+ 4. Nbd2 O-O 5. a3 Be7 6. e4 d6 7. Bd3 c5 8. dxc5
dxc5 9. Qe2 Nc6 10. e5 Nd7 11. O-O Ndxe5 12. Nxe5 Nxe5 13. Bxh7+ Kxh7 14. Qxe5
Kg8 15. Nf3 Qd3 16. Be3 b6 17. Rfd1 Qxc4 18. Rac1 Qg4 19. h3 Qg6 20. Qf4 Bf6 21.
Ne5 Bxe5 22. Qxe5 Bb7 23. Qg5 Qxg5 24. Bxg5 Bd5 25. f3 f6 26. Be3 Rfd8 27. Kf2
Bb3 28. Rd2 Rxd2+ 29. Bxd2 Rd8 30. Bc3 Kf7 31. Re1 e5 32. Re2 a5 33. Rd2 Rxd2+
34. Bxd2 Ke6 35. f4 exf4 36. Bxf4 b5 37. Bc7 a4 38. Ke3 Kd5 39. Bd8 Kd6 40. h4
Bf7 41. Ba5 Kd5 1/2-1/2

[Event "European Rapid 2016"]
[Site "Tallinn EST"]
[Date "2016.12.16"]
[Round "10.31"]
[White "Popov, Mikhail"]
[Black "Rakhmanov, Aleksandr"]
[Result "0-1"]
[WhiteTitle "FM"]
[BlackTitle "GM"]
[WhiteElo "2369"]
[BlackElo "2667"]
[WhiteFideId "4146182"]
[BlackFideId "4173708"]
[EventDate "2016.12.15"]

1. c4 Nf6 2. g3 g6 3. Bg2 Bg7 4. Nc3 O-O 5. e4 e5 6. Nge2 Nc6 7. O-O d6 8. d3
Be6 9. h3 Nd7 10. Be3 Nc5 11. Rb1 a5 12. a3 a4 13. Bxc5 dxc5 14. Nxa4 Qe7 15.
Nac3 Qd7 16. Kh2 Rad8 17. Nd5 Nb8 18. f4 exf4 19. Nexf4 c6 20. Nxe6 Qxe6 21. Nf4
Qe7 22. Qb3 Qc7 23. Rbd1 Nd7 24. Ne2 Be5 25. d4 cxd4 26. Nxd4 h5 27. Kh1 Bxg3
28. Qe3 Be5 29. b4 Bxd4 30. Rxd4 Ne5 31. Rxd8 Rxd8 32. Qf4 Qe7 33. c5 Kg7 34.
Qc1 Qd7 35. Qg5 Re8 36. Qf6+ Kg8 37. a4 Qd4 38. Rb1 Qd3 39. Qf1 Rd8 40. Qxd3
Rxd3 41. a5 Ra3 42. Kg1 Kf8 43. Kf2 Ra2+ 44. Kg1 Ke7 45. Rb3 h4 46. Bf1 Kf6 47.
Bg2 Kg5 48. Rb1 Kf4 49. Rb3 Ra4 50. Kh2 Ra1 51. Bh1 g5 52. Bg2 Ra2 53. Kh1 g4
54. hxg4 Kxg4 55. Bh3+ Kf4 56. Bg2 f6 57. Kg1 Kg5 58. Bh3 Ra1+ 59. Kh2 Kf4 60.
Bg2 Ra2 61. Kh1 Rc2 62. Kg1 Rc1+ 63. Kh2 Ra1 64. Kh3 Kg5 65. Kh2 Ng4+ 66. Kh3
Ne5 67. Kh2 Ng6 68. Rb2 Nf4 69. e5 fxe5 70. b5 Rxa5 71. bxc6 bxc6 72. Bxc6 Rxc5
73. Be4 Rc4 74. Bb7 Rc3 75. Rd2 Rh3+ 76. Kg1 Rd3 77. Rc2 Kg4 78. Rc7 Rd1+ 79.
Kh2 Rd2+ 80. Kg1 Ne2+ 81. Kf2 Ng3+ 82. Kg1 Rd1+ 83. Kh2 Rd2+ 84. Kg1 Ne2+ 85.
Kf2 Nf4+ 86. Ke1 Rb2 87. Rg7+ Kf5 88. Rh7 h3 89. Bc8+ Kg6 90. Rxh3 Nxh3 91. Bxh3
Kg5 92. Bd7 Kf4 93. Bc6 Ke3 94. Kd1 Rb1+ 95. Kc2 Re1 0-1

[Event "European Rapid 2016"]
[Site "Tallinn EST"]
[Date "2016.12.16"]
[Round "10.32"]
[White "Zvjaginsev, Vadim"]
[Black "Ahvenjarvi, Jani"]
[Result "1-0"]
[WhiteTitle "GM"]
[BlackTitle "FM"]
[WhiteElo "2679"]
[BlackElo "2317"]
[WhiteFideId "4113403"]
[BlackFideId "507571"]
[EventDate "2016.12.15"]

1. e4 e5 2. Nf3 Nc6 3. g3 Nf6 4. d3 d5 5. exd5 Nxd5 6. Bg2 Be7 7. O-O O-O 8. Re1
Bf6 9. Nbd2 Re8 10. Ne4 Be7 11. c3 h6 12. Ned2 Bf6 13. Qc2 Bf5 14. Ne4 Be7 15.
b4 a6 16. Bb2 Qd7 17. a4 b5 18. Nfd2 Nb6 19. axb5 axb5 20. Nb3 Rxa1 21. Rxa1 Na4
22. Rxa4 Bxe4 23. Bxe4 bxa4 24. Nd2 Na7 25. Nc4 Bf8 26. Bc1 c5 27. Nb6 Qb5 28.
bxc5 Bxc5 29. Nxa4 Bf8 30. Be3 Nc6 31. c4 Qa6 32. Nb6 Nd4 33. Bxd4 exd4 34. Nd5
Qd6 35. Kg2 Rb8 36. h4 h5 37. Nf4 g6 38. Bd5 Bh6 39. Nh3 Qe5 40. Ng1 Qd6 41. Nf3
Qc5 42. Ne5 Rd8 43. Qb3 Kg7 44. Qb7 Rf8 45. Nxf7 1-0

[Event "European Rapid 2016"]
[Site "Tallinn EST"]
[Date "2016.12.16"]
[Round "10.33"]
[White "Girya, Olga"]
[Black "Pavlidis, Antonios"]
[Result "0-1"]
[WhiteTitle "WGM"]
[BlackTitle "GM"]
[WhiteElo "2450"]
[BlackElo "2532"]
[WhiteFideId "4195752"]
[BlackFideId "4212312"]
[EventDate "2016.12.15"]

1. d4 Nf6 2. c4 g6 3. Nc3 Bg7 4. e4 d6 5. Nf3 O-O 6. Be2 Na6 7. O-O e5 8. Be3 c6
9. d5 Ng4 10. Bg5 f6 11. Bh4 c5 12. a3 Bd7 13. Rb1 b6 14. b4 h5 15. Ne1 Qe7 16.
Nd3 g5 17. Bg3 f5 18. h3 Nf6 19. bxc5 Nxc5 20. Nxc5 bxc5 21. exf5 h4 22. Bh2
Bxf5 23. Rb3 Rab8 24. Re1 Bh6 25. Rxb8 Rxb8 26. Bd3 Bd7 27. Ne4 Nxe4 28. Bxe4
Qf6 29. Qe2 Rb6 30. Rb1 Rxb1+ 31. Bxb1 g4 32. hxg4 Qg5 33. Qc2 Bxg4 34. Qh7+ Kf8
35. Qh8+ Kf7 36. Qh7+ Bg7 37. Qc2 Bf3 38. Qf5+ Qxf5 39. Bxf5 Be2 40. f4 exf4 41.
Be6+ Ke7 42. Bxf4 Bxc4 43. Kf2 Bb3 44. Ke3 Bf6 45. Kd2 c4 46. Be3 a5 47. Bf4 a4
48. Be3 c3+ 49. Kc1 Kf8 50. Bf4 Ke7 51. Bh6 Bd4 52. Bg5+ Ke8 53. Bf4 Bc5 54. Bf5
Bxa3+ 55. Kb1 Bc5 56. Bc2 Kd7 57. Bg5 Bf2 58. Bf6 Be1 59. Bf5+ Kc7 60. Be7 Bxd5 0-1

[Event "European Rapid 2016"]
[Site "Tallinn EST"]
[Date "2016.12.16"]
[Round "10.34"]
[White "Seeman, Tarvo"]
[Black "Grigoriants, Sergey"]
[Result "1/2-1/2"]
[WhiteTitle "IM"]
[BlackTitle "GM"]
[WhiteElo "2420"]
[BlackElo "2563"]
[WhiteFideId "4500547"]
[BlackFideId "4130804"]
[EventDate "2016.12.15"]

1. Nf3 d5 2. g3 Bf5 3. Bg2 e6 4. d3 Nf6 5. Nh4 Bg4 6. h3 Bh5 7. g4 Nfd7 8. Nf3
Bg6 9. c4 c6 10. Nc3 Be7 11. Bf4 Bf6 12. cxd5 exd5 13. h4 h5 14. g5 Be7 15. e4
dxe4 16. dxe4 Na6 17. O-O O-O 18. Nd4 Re8 19. Nf5 Bb4 20. Nd6 Bxd6 21. Bxd6 Ndc5
22. Re1 f5 23. b4 Nxe4 24. Nxe4 fxe4 25. Qb3+ Bf7 26. Qg3 Bd5 27. b5 Re6 28. Ba3
Nc7 29. Bh3 Re8 30. bxc6 bxc6 31. Rab1 Nb5 32. Bc5 Qb8 33. a4 Qxg3+ 34. fxg3 Nc3
35. Rb7 Rab8 36. Rxa7 Ra8 37. a5 Bc4 38. Bd7 Rxa7 39. Bxe8 Rxa5 40. Bb4 Re5 41.
Bxh5 Nd5 42. Bd6 Re6 43. Bc5 e3 44. Bf3 e2 45. h5 g6 46. h6 Re5 47. Kf2 Rxg5 48.
Bxe2 Bxe2 49. Rxe2 Nf6 50. Be3 Rf5+ 51. Kg2 Re5 52. Kf3 Nd5 53. Bd2 Rxe2 54.
Kxe2 Kh7 55. Kd3 Nf6 56. Kd4 Ng4 57. Kc5 Ne5 58. Bf4 Nd3+ 59. Kxc6 Nxf4 60. gxf4
Kxh6 61. Kd5 Kh5 62. Ke6 Kg4 63. Kf6 Kxf4 64. Kxg6 Ke5 1/2-1/2

[Event "European Rapid 2016"]
[Site "Tallinn EST"]
[Date "2016.12.16"]
[Round "10.36"]
[White "Munoz, Miguel"]
[Black "Zubritskiy, Artyom"]
[Result "1-0"]
[WhiteTitle "GM"]
[BlackTitle "IM"]
[WhiteElo "2473"]
[BlackElo "2442"]
[WhiteFideId "3800229"]
[BlackFideId "4181247"]
[EventDate "2016.12.15"]

1. e4 c5 2. g3 g6 3. Bg2 Bg7 4. Ne2 Nc6 5. c3 e5 6. d3 Nge7 7. Be3 d6 8. O-O O-O
9. f4 Be6 10. Nd2 Qd7 11. Nf3 Rac8 12. Qd2 b6 13. c4 f5 14. Ng5 fxe4 15. Nxe6
Qxe6 16. dxe4 Qxc4 17. f5 gxf5 18. exf5 e4 19. g4 Ne5 20. Bg5 N7c6 21. f6 Bh8
22. Rf4 d5 23. Rd1 Nd4 24. Nc3 Ndf3+ 25. Bxf3 Nxf3+ 26. Rxf3 exf3 27. Qxd5+ Qxd5
28. Nxd5 Kf7 29. Kf2 Rcd8 30. Kxf3 Rd6 31. Bf4 Rd7 32. g5 Rfd8 33. Ke4 Re8+ 34.
Be5 Red8 35. h4 b5 36. b3 c4 37. bxc4 bxc4 38. h5 a6 39. a4 Rg8 40. Kf5 Rgd8 41.
g6+ hxg6+ 42. hxg6+ Kf8 43. Rh1 1-0

[Event "European Rapid 2016"]
[Site "Tallinn EST"]
[Date "2016.12.16"]
[Round "10.37"]
[White "Cvitan, Ognjen"]
[Black "Rozhko, Dmitry"]
[Result "1/2-1/2"]
[WhiteTitle "GM"]
[BlackTitle "FM"]
[WhiteElo "2491"]
[BlackElo "2324"]
[WhiteFideId "14500086"]
[BlackFideId "4150430"]
[EventDate "2016.12.15"]

1. d4 d5 2. c4 c6 3. cxd5 cxd5 4. Nc3 Nf6 5. Nf3 Nc6 6. Bf4 a6 7. Rc1 Ne4 8. Ne5
Nxc3 9. Rxc3 Bd7 10. e3 e6 11. a3 Nxe5 12. Bxe5 Rc8 13. Qd2 f6 14. Bg3 Be7 15.
Bd3 Kf7 16. O-O Rxc3 17. Qxc3 Qc8 18. Qd2 Bc6 19. Rc1 Qd7 20. h4 f5 21. Qd1 g6
22. Be5 Rc8 23. g3 Ba4 24. Qd2 Rxc1+ 25. Qxc1 Qc6 26. Qxc6 Bxc6 27. f3 h5 28.
Bf4 Bb5 29. Bc2 Bd8 30. Kf2 a5 31. Bd6 Ke8 32. e4 Kd7 33. Bf4 Be7 34. e5 Ke8 35.
Bg5 Bxg5 36. hxg5 Ke7 37. g4 hxg4 38. fxg4 Be8 39. gxf5 gxf5 40. Kg3 Bg6 41. Kf4
b6 42. Bd1 Ke8 43. Bf3 Ke7 44. Be2 Ke8 1/2-1/2

[Event "European Rapid 2016"]
[Site "Tallinn EST"]
[Date "2016.12.16"]
[Round "10.39"]
[White "Maier, Christian"]
[Black "Kantans, Toms"]
[Result "1/2-1/2"]
[WhiteTitle "IM"]
[BlackTitle "IM"]
[WhiteElo "2390"]
[BlackElo "2454"]
[WhiteFideId "4601955"]
[BlackFideId "11602945"]
[EventDate "2016.12.15"]

1. e4 c5 2. Nc3 Nc6 3. Bb5 Qc7 4. Nf3 Nf6 5. d3 a6 6. Bxc6 Qxc6 7. O-O d6 8. a4
e6 9. a5 Be7 10. e5 dxe5 11. Nxe5 Qc7 12. Nc4 Bd7 13. Qf3 Bc6 14. Bf4 Qd8 15.
Ne4 O-O 16. Nb6 Ra7 17. Nxf6+ Bxf6 18. Qg3 Bh4 19. Qe3 Qe7 20. Qe5 Rd8 21. Be3
Bd5 22. Rfe1 Bf6 23. Qg3 Bc6 24. c3 Qf8 25. Rad1 Bd5 26. Qc7 Be7 27. Qg3 Qe8 28.
Bf4 Bb3 29. Ra1 Raa8 30. Nxa8 Rxa8 31. d4 cxd4 32. Be5 f6 33. Bxd4 e5 34. Bb6
Bd5 35. Rad1 Bc6 36. Rd2 Qf7 37. Red1 Re8 38. h3 Ba4 39. Ra1 Bc6 40. f4 e4 41.
f5 Qc4 42. Kh2 Qb5 43. Qf4 Bf8 44. Re1 Re5 45. Rd8 Rxf5 46. Qe3 Kf7 47. Red1 Be7
48. R8d2 Qe5+ 49. Kg1 h5 50. b4 Qe6 51. Bd8 Bf8 52. Bc7 Ba4 53. Re1 Bc6 54. Bg3
Rg5 55. Kh2 Rf5 56. Red1 Ba4 57. Re1 Bc6 58. Red1 Ba4 59. Re1 Bc6 60. Red1 Ba4
61. Re1 1/2-1/2

[Event "European Rapid 2016"]
[Site "Tallinn EST"]
[Date "2016.12.16"]
[Round "10.40"]
[White "Jovanovic, Zoran"]
[Black "Antoms, Guntars"]
[Result "1-0"]
[WhiteTitle "GM"]
[BlackTitle "IM"]
[WhiteElo "2534"]
[BlackElo "2349"]
[WhiteFideId "14505320"]
[BlackFideId "11601469"]
[EventDate "2016.12.15"]

1. e4 d5 2. exd5 Qxd5 3. Nf3 Nf6 4. Be2 Bg4 5. d4 e6 6. h3 Bh5 7. O-O Be7 8. c4
Qd8 9. Qb3 Qc8 10. Nc3 O-O 11. Bf4 c6 12. Rac1 Nbd7 13. a3 Nb6 14. Rfd1 Rd8 15.
a4 c5 16. d5 exd5 17. cxd5 c4 18. Qb5 Bc5 19. b4 cxb3 20. Qxb3 Qf5 21. Bc7 Rd7
22. d6 Re8 23. a5 Nc8 24. Nd5 Rxe2 25. Rxc5 Qe6 26. Nxf6+ Qxf6 27. Rxh5 1-0

[Event "European Rapid 2016"]
[Site "Tallinn EST"]
[Date "2016.12.16"]
[Round "11.1"]
[White "Riazantsev, Alexander"]
[Black "Mamedov, Rauf"]
[Result "1-0"]
[WhiteTitle "GM"]
[BlackTitle "GM"]
[WhiteElo "2671"]
[BlackElo "2688"]
[WhiteFideId "4125029"]
[BlackFideId "13401653"]
[EventDate "2016.12.15"]

1. d4 d6 2. e4 e5 3. dxe5 dxe5 4. Qxd8+ Kxd8 5. Bc4 Be6 6. Bxe6 fxe6 7. f3 Bd6
8. Nh3 Ke7 9. Nf2 Nf6 10. b3 a5 11. a4 Nc6 12. c3 Nb8 13. Nd3 Nbd7 14. Na3 Rhg8
15. Nc4 g5 16. g4 h5 17. h3 Rh8 18. Bxg5 hxg4 19. f4 Rag8 20. Bxf6+ Nxf6 21.
fxe5 Nxe4 22. exd6+ cxd6 23. h4 g3 24. Ra2 Rg4 25. h5 Nxc3 26. Rg2 Ne4 27. Nd2
Nf6 28. h6 e5 29. Rh3 Ke6 30. Nf1 Re4+ 31. Kd1 Rd4 32. Ke2 Re4+ 33. Ne3 Nd5 34.
Rgxg3 Nf4+ 35. Nxf4+ exf4 36. Kd3 Re5 37. Rg6+ Kf7 38. Rg7+ Ke6 39. Nc4 Rf5 40.
h7 f3 41. Ne3 Rff8 42. Rh6+ Ke5 43. Ng4+ Kf5 44. Nf2 b6 45. Ke3 Rc8 46. Rxd6
Rc3+ 47. Rd3 1-0

[Event "European Rapid 2016"]
[Site "Tallinn EST"]
[Date "2016.12.16"]
[Round "11.2"]
[White "Matlakov, Maxim"]
[Black "Shirov, Alexei"]
[Result "1-0"]
[WhiteTitle "GM"]
[BlackTitle "GM"]
[WhiteElo "2694"]
[BlackElo "2673"]
[WhiteFideId "4168003"]
[BlackFideId "2209390"]
[EventDate "2016.12.15"]

1. d4 d5 2. c4 c6 3. Nf3 Nf6 4. e3 Bg4 5. h3 Bh5 6. g4 Bg6 7. Ne5 e6 8. Nd2 Nbd7
9. Nxg6 hxg6 10. Bg2 g5 11. O-O Be7 12. Re1 Nf8 13. e4 dxe4 14. Nxe4 Nxe4 15.
Rxe4 Ng6 16. d5 O-O 17. Be3 cxd5 18. cxd5 Qxd5 19. Qxd5 exd5 20. Ra4 Rfd8 21.
Rd1 Bf6 22. Rxd5 Rxd5 23. Bxd5 Rd8 24. Bb3 a6 25. Rc4 Ne5 26. Rc7 b5 27. Kf1 a5
28. Rc5 a4 29. Bd5 b4 30. Ke2 Ng6 31. b3 axb3 32. Bxb3 Nf4+ 33. Bxf4 gxf4 34. g5
Bc3 35. g6 Kf8 36. gxf7 Bf6 37. Kf3 g6 38. Rc6 Kg7 39. Rb6 Be7 40. h4 Rh8 41.
Rb7 Kf6 42. Kg4 Bc5 43. f3 Bf2 44. f8=Q+ Rxf8 45. Rxb4 Be3 46. Rc4 Rh8 47. Rc6+
Kg7 48. Rc7+ Kf6 49. Rc6+ Kg7 50. Rc2 Kf6 51. a4 Rb8 52. Rc6+ Kg7 53. Bc2 Rb6
54. Rxb6 Bxb6 55. Kxf4 Kf6 56. Kg4 Bc7 57. Bb1 Ba5 58. Bc2 Be1 59. h5 gxh5+ 60.
Kxh5 Bd2 61. Kg4 Ke5 62. Bb1 Kf6 63. f4 Ba5 64. Kf3 Bc7 65. Ke4 Ke6 66. f5+ Kd6
67. Kd4 Bd8 68. Kc4 Bh4 69. a5 Bf2 70. Kb5 Bd4 71. Bc2 Kd5 72. a6 Kd6 73. Bb3
Ke5 74. Be6 Kd6 75. Bc8 Kc7 76. Bb7 Kd6 77. Be4 Bg1 78. Kc4 Ba7 79. Kd3 Ke5 80.
Ke2 Bb6 81. Kf3 Ba7 82. Kg4 Kf6 83. Bc2 Bb8 84. Bb1 Ba7 85. Kf4 Ke7 86. Ke5 Bb8+
87. Kd5 Kd7 88. f6 1-0